Sweater Weather - The Neighbourhood Lyrics - Statistics

General Stats
  • This quiz has been taken 5,790 times
    5,719 since last reset
  • The average score is 199 of 255
Answer Stats
Answer % Correct
a
99%
i
99%
my
98%
in
97%
sweater
97%
the
97%
to
97%
hand
96%
you
96%
an
95%
your
94%
and
93%
hands
93%
is
93%
but
92%
of
92%
am
91%
let
91%
all
90%
california
90%
man
90%
with
90%
beach
89%
hate
89%
no
89%
on
89%
sand
89%
cold
88%
it
88%
toes
88%
world
88%
love
87%
stand
87%
want
87%
for
86%
here
86%
touch
86%
have
85%
it's
85%
me
85%
one
85%
too
85%
about
84%
adventure
84%
i'll
84%
yours
84%
holes
83%
neck
83%
house
82%
just
82%
think
82%
us
82%
head
81%
let's
81%
shirt
81%
so
81%
blouse
80%
what
80%
clouds
79%
hold
79%
little
79%
oh
79%
shorts
79%
sleeves
79%
waist
79%
high
78%
out
78%
those
77%
now
76%
two
76%
waisted
76%
cause
74%
find
73%
not
72%
both
71%
centered
71%
she
71%
mouths
70%
knows
69%
away
68%
take
66%
use
66%
breath
65%
that
65%
gravity's
64%
nothing
64%
tell
64%
say
62%
don't
61%
mind
59%
much
59%
if
57%
place
57%
far
56%
sometimes
55%
wanna
54%
may
52%
put
51%
silence
50%
move
49%
there's
48%
start
47%
left
44%
taste
44%
this
44%
wouldn't
44%
hearts
43%
outside
43%
warm
43%
finger
42%
minute
42%
face
41%
guides
41%
inside
41%
yeah
41%
down
40%
goose
40%
meets
40%
these
40%
bumps
39%
adore
37%
pour
37%
tongue
37%
starts
36%
watch
36%
coming
35%
then
33%
our
31%
minds
29%
beats
27%
everyone
26%
other
24%
hardest
22%
rise
14%
No matching quizzes found
Score Distribution
Percent of People with Each Score
Percentile by Number Answered
Your Score History
You have not taken this quiz since the last reset